Spomyny na roky 1918-1920, zapysani v červni 1945 r. (frahment)

Bibliographic Details
Main Author: Paňkevič, Ivan, 1887-1958 (Author)
Format: Article
Language:Ukrainian
PhysicalDescription:Fotogr.
ISBN:808068021X
Subjects:

MARC

LEADER 00000nab a2200000 a 4500
001 vtls010340339
003 SK-MaSNL
005 20260318121705.0
008 120207c2002 xo wr p 000 c0ukr
015 |a SNBRA2012/02 
038 |a SVKPOCL 
040 |a SVKPOCL  |b slo  |c SVKPOCL  |e AACR2 
041 0 |a ukr 
044 |a xo  |c SK 
080 |a 81'1-051  |2 2001 
080 |a [80(=161.2)+908(477)]-051  |2 2001 
080 |a 80(=16)+908(4)  |2 2001 
080 |a 378.011.3-051  |2 2001 
100 1 |a Paňkevič, Ivan,  |d 1887-1958  |4 aut  |9 131986 
245 1 0 |a Spomyny na roky 1918-1920, zapysani v červni 1945 r.  |b (frahment)  |c Ivan Pan'kevyč 
300 |b Fotogr. 
500 |a Materiály poskytla dcéra Ivana Paňkeviča - Marta Dolnická 
600 1 7 |a Paňkevič, Ivan,  |d 1887-1958  |2 svkpocl  |9 131986 
648 7 |a 1918-1920  |2 svkpocl  |9 276255 
648 7 |a 1945  |2 svkpocl  |9 287702 
650 0 7 |a lingvisti  |2 svkpocl  |9 119182 
650 0 7 |a ukrajinisti  |2 svkpocl  |9 24386 
650 0 7 |a slavistika  |2 svkpocl  |9 4282 
650 0 7 |a vysokoškolskí učitelia  |2 svkpocl  |9 66590 
650 0 7 |a spomienky  |2 svkpocl  |9 55795 
651 7 |a Praha (Česko)  |2 svkpocl  |9 19313 
655 7 |a autobiografie  |2 svkpocl  |9 70280 
700 1 |a Dolnická, Marta,  |d 1916-2011  |4 oth  |9 1104699 
773 0 |t Ivan Paňkevyč a otázky spisovného jazyka : štúdie a materiály = Ivan Pan'kevyč ta pytannja literaturnoji movy : statti ta materialy  |d Prešov : Katedra ukrajinského jazyka a literatúry Filozofickej fakulty PU v Prešove, 2002  |g S. 106-107  |z 808068021X 
852 |a SVKPO  |b KIS3GCP 
958 |a UK 
958 |a BX 
958 |a UA 
958 |a SK 
958 |a SS 
958 |a CZ 
999 |c 3239017  |d 3240947